000 00386nam a2200169Ia 4500
005 20250630030601.0
008 240331s9999 xx 000 0 und d
020 _a9789556561975
082 _bEKA
_a891
100 _aEkanayake,R.S
245 0 _aSituwara Puwatha
250 _a3rd
260 _aColombo
_bAthula Jayakodi
_c2012
300 _a268 p .,
650 _aNovel
942 _cL
999 _c5787
_d5787